Statistics for Towns and Villages of Andorra

Click here to take the quiz!

General Stats

  • This quiz has been taken 4 times
  • The average score is 8 of 44

Answer Stats

ParishPopulationTown/Village% Correct
Andorra La Vella19620Andorra La Vella
100%
Ordino59Ansalonga
50%
Ordino224Arans
50%
Canillo1961Canillo
50%
Ordino183El Serrat
50%
Canillo747El Tarter
50%
Escaldes-Engordany14002Escaldes-Engordany
50%
La Massana63Escàs
50%
Ordino808La Cortinada
50%
Ordino2993Ordino
50%
Encamp2434Pas de La Casa
50%
Saint Julià de Lòria7652Saint Julià de Lòria
50%
Canillo602Soldeu
50%
Ordino185Sornàs
50%
Saint Julià de Lòria831Aixirivall
0%
Saint Julià de Lòria92Aixovall
0%
Canillo194Aldosa
0%
La Massana818Aldosa
0%
La Massana816Anyós
0%
La Massana1589Arinsal
0%
Saint Julià de Lòria208Auvinyà
0%
Saint Julià de Lòria47Bixessarri
0%
Saint Julià de Lòria79Certés
0%
Encamp7473
Encamp
0%
Canillo72El Forn
0%
Canillo20Els Plans
0%
Canillo9El Vilar
0%
La Massana454Erts
0%
Saint Julià de Lòria110Fontaneda
0%
Canillo379Incles
0%
Saint Julià de Lòria190Juberri
0%
La Massana5037La Massana
0%
Encamp1095Les Bons
0%
Ordino181Llorts
0%
Saint Julià de Lòria3Llumeneres
0%
Canillo61Meritxell
0%
Saint Julià de Lòria58Nagol
0%
La Massana250Pal
0%
Canillo52Prats
0%
Canillo173Ransol
0%
Andorra La Vella2995Santa Coloma
0%
Ordino42Segudet
0%
La Massana1049Sispony
0%
Encamp1039Vila
0%

Score Distribution

Percentile by Number Answered

Percent of People with Each Score

Your Score History

You have not taken this quiz